| 000 | 00435cam a2200181ua 4500 | ||
|---|---|---|---|
| 020 | _cRs 1.50 | ||
| 041 |
_amal _h |
||
| 082 |
_a894.812 2 _bOMC/IT |
||
| 100 | _aOmchery, . | ||
| 245 |
_aIthu nammude naadaanu / _cOmchery. _hTextual Documents |
||
| 260 |
_aChennai : _bJanatha Press , _c1959. |
||
| 300 | _a93 ; . | ||
| 365 | _aRs 1.50 | ||
| 504 | _a | ||
| 650 | _aDrama - Malayalam | ||
| 942 | _cBK | ||
| 999 |
_c462 _d462 |
||